header

System of systems collaborative formation (Record no. 118313)

MARC details
000 -LEADER
fixed length control field 01313nam a2200337 a 4500
100 1# - MAIN ENTRY--AUTHOR NAME
Personal name DiMario, Michael J.
245 10 - TITLE STATEMENT
Title System of systems collaborative formation
260 ## - PUBLICATION, DISTRIBUTION, ETC. (IMPRINT)
Place of publication Singapore ;
-- Hackensack, N.J. :
Name of publisher World Scientific Pub. Co.,
Year of publication c2010.
300 ## - PHYSICAL DESCRIPTION
Number of Pages xv, 200 p. :
Other physical details ill. (some col.).
490 1# - SERIES STATEMENT
Series statement Systems research series ;
650 #0 - SUBJECT ADDED ENTRY--TOPICAL TERM
Topical Term System theory.
Topical Term Systems engineering.
856 40 - ELECTRONIC LOCATION AND ACCESS
Uniform Resource Identifier http://site.ebrary.com/lib/rucke/Doc?id=10480259

No items available.

© 2026 Rongo University
Contact us: librarian | system librarian | Rongo university